Lectures on contemporary probability / (Record no. 24125)

MARC details
000 -LEADER
fixed length control field 01157cam a22003135i 4500
001 - CONTROL NUMBER
control field 741062
003 - CONTROL NUMBER IDENTIFIER
control field EG-ScBUE
005 - DATE AND TIME OF LATEST TRANSACTION
control field 20250218101121.0
008 - FIXED-LENGTH DATA ELEMENTS--GENERAL INFORMATION
fixed length control field 990428s1999 xxu f b 000 0 eng d
020 ## - INTERNATIONAL STANDARD BOOK NUMBER
International Standard Book Number 082182029X (softcover : alk. paper)
020 ## - INTERNATIONAL STANDARD BOOK NUMBER
International Standard Book Number 9780821820292
040 ## - CATALOGING SOURCE
Original cataloging agency EG-ScBUE
Language of cataloging eng
Description conventions rda
Transcribing agency EG-ScBUE
Modifying agency EG-ScBUE
082 04 - DEWEY DECIMAL CLASSIFICATION NUMBER
Classification number 519.2
Item number LAW
Edition number 22
100 1# - MAIN ENTRY--PERSONAL NAME
Personal name Lawler, Gregory F.,
Dates associated with a name 1955-
Relator term author.
245 10 - TITLE STATEMENT
Title Lectures on contemporary probability /
Statement of responsibility, etc Gregory F. Lawler, Lester N. Coyle.
264 #1 - PUBLICATION, DISTRIBUTION, ETC. (IMPRINT)
Place of publication, distribution, etc Providence :
Name of publisher, distributor, etc American Mathematical Society :
-- Institute For Advanced Study,
Date of publication, distribution, etc 1999.
300 ## - PHYSICAL DESCRIPTION
Extent xii, 99 pages :
Other physical details illustrations ;
Dimensions 22 cm.
336 ## - CONTENT TYPE
Source rdacontent
Content type term text
Content type code txt
337 ## - MEDIA TYPE
Media type term unmediated
Source rdamedia
Media type code n
338 ## - CARRIER TYPE
Carrier type term volume
Carrier type code nc
Source rdacarrier
490 0# - SERIES STATEMENT
Series statement Student mathematical library,
-- IAS/Park City mathematical subseries ;
Volume number/sequential designation volume 2
504 ## - BIBLIOGRAPHY, ETC. NOTE
Bibliography, etc Includes bibliographical references.
650 #7 - SUBJECT ADDED ENTRY--TOPICAL TERM
Topical term or geographic name as entry element Stochastic processes.
Source of heading or term BUEsh
650 #7 - SUBJECT ADDED ENTRY--TOPICAL TERM
Topical term or geographic name as entry element Probabilities.
Source of heading or term BUEsh
653 ## - INDEX TERM--UNCONTROLLED
Resource For college Engineering, General
Arrived date list February2017
655 ## - INDEX TERM--GENRE/FORM
Form subdivision Reading book
9 (RLIN) 34232
700 1# - ADDED ENTRY--PERSONAL NAME
Personal name Coyle, Lester N.
Fuller form of name (Lester Noel),
Dates associated with a name 1967-
Relator term author.
942 ## - ADDED ENTRY ELEMENTS (KOHA)
Source of classification or shelving scheme Dewey Decimal Classification
Koha item type Book - Borrowing
Holdings
Withdrawn status Lost status Source of classification or shelving scheme Damaged status Not for loan Collection code Home library Current library Shelving location Date acquired Source of acquisition Cost, normal purchase price Total Checkouts Total Renewals Full call number Barcode Date last seen Date checked out Cost, replacement price Koha item type
    Dewey Decimal Classification     Baccah Central Library Central Library First floor 11/02/2017 Purchase 550.00 1 21 519.2 LAW 000045416 15/07/2025 15/02/2017 688.00 Book - Borrowing